Szczegóły MARC21

Rodzina polska u progu XXI wieku : I Sympozjum naukowe zorganizowane przez Mazowiecką Wyższą Szkołę Human istyczno-Pedagogiczną w Łowiczu w dniach 20-21 maja 1996 roku /

005 -DATA I CZAS OSTATNIEJ MODYFIKACJI [,]
    • @
    • pole kontrolne
    • 20070315155141.9
020 -Międzynarod. znormalizowany nr książki - ISBN [ , ]
    • a
    • Numer ISBN
    • 838722202X Find
040 -Instytucja sporządzająca opis [ , ]
    • a
    • Instytucja, która sporządziła opis (NP)
    • SZCZ U
    • c
    • Instytucja, która sporządziła rekord (NP)
    • SZCZ U
041 -Język dokumentu [0, ]
    • a
    • Język tekstu (P)
    • polski
    • h
    • Język tekstu oryginalnego i/lub pośredniego (P)
    • polski
942 -Rodzaj dokumentu [ , ]
    • c
    • Rodzaj dokumentu
    • Książka
245 -Strefa tytułu i oznaczenia odpowiedzialności [0, ]
    • a
    • Tytuł
    • Rodzina polska u progu XXI wieku : Find
    • b
    • Ciąg dalszy tytułu (NP)
    • I Sympozjum naukowe zorganizowane przez Mazowiecką Wyższą Szkołę Human istyczno-Pedagogiczną w Łowiczu w dniach 20-21 maja 1996 roku / Find
    • c
    • Pozostałe elementy strefy tytułu i oznaczenia odpowiedzialności (NP)
    • red. nauk. Henryk Cudak.
260 -Strefa adresu wydawniczego [ , ]
    • a
    • Miejsce wydania (P)
    • Łowicz :
    • b
    • Nazwa wydawcy (P)
    • Mazowiecka Wyższa Szkoła Human.-Pedagog.,
    • c
    • Data wydania (P)
    • 1997.
300 -Strefa opisu fizycznego [ , ]
    • a
    • Określenie formy książki i/lub objętość (NP)
    • 368 s. :
    • c
    • Format (NP)
    • 21 cm.
080 -Uniwersalna Klasyfikacja Dziesiętna [ , ]
    • a
    • Symbol klasyfikacji
    • 37.018.1-058.8(438)(061.3)
080 -Uniwersalna Klasyfikacja Dziesiętna [ , ]
    • a
    • Symbol klasyfikacji
    • :316.356.2-058.8(438)(061.3)
080 -Uniwersalna Klasyfikacja Dziesiętna [ , ]
    • a
    • Symbol klasyfikacji
    • :304-058.8(438)(061.3)
980 -Symbol UKD [ , ]
    • a
    • UKD
    • 37.018.1:316.356.2:304]-058.8(438)(061.3)
700 -Hasło dodatkowe - nazwa osobowa [ , ]
    • a
    • Nazwa osobowa (NP)
    • Cudak Henryk Find
920 -ISBN [ , ]
    • a
    • ISBN
    • 83-87222-02-X Find
Sygnatura Numer inwentarzowy Status udost. Data inwentaryzacji Lokalizacja
Z.93344Z.9334411999-02-25BG